| 000 | 01122nac a22003137a 4500 | ||
|---|---|---|---|
| 001 | BR0502354 | ||
| 003 | BR-BrBNA | ||
| 005 | 20240105123139.0 | ||
| 008 | 230509b bl.|||m| |||| 00| 0 por d | ||
| 040 |
_aBR-BrBNA _bpor _cBiblioteca Nacional de Agricultura |
||
| 072 | _aA50; E14 | ||
| 090 | _aA50 BR0502354 | ||
| 100 | 1 | _aAvila, A.F.D. | |
| 100 | 1 | _aAyres, C.H.S. | |
| 110 | 1 |
_aEmpresa de Pesquisa Agropecuária, Brasília, DF (Brasil). Depto. de Estudos e Pesquisa _94194 |
|
| 245 | 1 | _aExperiência brasileira em avaliação socioeconômica ex-post da pesquisa agropecuária | |
| 260 | 3 |
_aBrasília, DF (Brasil): _c1985. |
|
| 300 | _a55 p. | ||
| 490 |
_aDocumentos - Empresa Brasileira de Pesquisa Agropecuária (Brazil) _vno. 24 _x |
||
| 500 | _aSummaries (En, Pt, Fr); 11 tables; 6 illus.; 40 ref. | ||
| 650 | _aPESQUISA AGRÍCOLA | ||
| 650 | _aPESQUISA PECUÁRIA | ||
| 650 | _aDESENVOLVIMENTO SÓCIO-ECONÔMICO | ||
| 650 | _aANÁLISE DE CUSTO-BENEFÍCIO | ||
| 650 | _aINVESTIMENTO | ||
| 650 | _aTECNOLOGIA APROPRIADA | ||
| 909 |
_a202312 _bLúcia Elande _c55 _dLúcia Elande |
||
| 942 |
_2AGRIS _n0 _cMS |
||
| 999 |
_c294186 _d294186 |
||